| 000 | 01266nam a22002655i 4500 | ||
|---|---|---|---|
| 001 | 176654 | ||
| 003 | ES-MaACL | ||
| 005 | 20250815135210.0 | ||
| 008 | 110131s1966 sp a |||| | spa d | ||
| 080 | _a75(493)"15" | ||
| 100 | 1 |
_aDíaz Martos, Arturo. _944346 |
|
| 245 | 1 | 3 |
_aLa Virgen de la Mosca de la Colegiata de Toro (Zamora) / _cA. Díaz Martos, J. Mª Cabrera Garrido. |
| 260 |
_a[Madrid] : _bMinisterio de Educación y Ciencia, Dirección General de Bellas Artes, _cimp. 1966. |
||
| 300 |
_a45 p. : _bil. col. y n. ; _c28 cm. |
||
| 490 | 1 |
_aInformes y trabajos del Instituto de Conservación y Restauración de Obras de Arte, Arqueología y Etnología ; _v6 |
|
| 504 | _aBibliografía: p. 43-44. | ||
| 610 | 2 | 4 |
_aColegiata de Toro. _9144924 |
| 650 | 7 |
_aPintura flamenca _2embne _916046 |
|
| 700 | 1 |
_aCabrera Garrido, José María. _933313 |
|
| 710 | 1 |
_aEspaña. _bDirección General de Bellas Artes. _93704 |
|
| 710 | 2 |
_aInstituto Central de Restauración y Conservación de Obras y Objetos de Arte, Arqueología y Etnología (España) _9163129 |
|
| 830 | 0 |
_aInformes y trabajos del Instituto de Conservación y Restauración de Obras de Arte, Arqueología y Etnología ; _v6 _9190191 |
|
| 852 |
_aES-MaACL _j2287-F-8 |
||
| 999 |
_c176654 _d176654 |
||